000 00295nam a22001337a 4500
008 171010b xxu||||| |||| 00| 0 eng d
020 _a9780536518767
041 _aeng
080 _a316
100 _a50
101 _aSOC
245 _aINTRODUCTION TO SOCIOLOGY
_cHEWITT,W.E
942 _2udc
_cBK
999 _c32938
_d32938